Happy by Pharrell Lyrics - Statistics

General Stats
  • This quiz has been taken 2,023 times
  • The average score is 7 of 9
Answer Stats
Answer % Correct
Because I'm _____ happy
95%
Because I'm _______ happy
95%
It might seem ____ what I'm bout to say crazy
94%
______ I'm happy because
87%
Clap along if you feel like a ____ _____ _ ___ room without a roof
83%
With the air, like I don't ____ baby, by the way care
77%
Clap along if you feel like _____ __ ___ _____ happiness is the truth
68%
I'm a ___ ___ _____ that can go to space hot air balloon
63%
_____ she's here, you can take a break sunshine
62%
No matching quizzes found
Score Distribution
Percent of People with Each Score
Percentile by Number Answered
Your Score History
You have not taken this quiz